000 00977nam a2200193 i 4500
001 160908
003 ES-MaACL
005 20230906212144.0
008 961202s1880 sp b |||| | spa d
040 _aEUS
_bspa
_cEUS
100 0 _aOlave y Díez, Serafín.
_986672
245 1 3 _aLa verdad acerca del ferro-carril de Alduides prolongado desde Pamplona por Estella, Calahorra y Soria hasta Torralba en la linea de Madrid a Zaragoza ó sea la gran central directa entre Madrid y Francia /
_cestudio analítico por Don Serafin Olave y Diez.
260 _a[S.l.] :
_b[s.n.],
_c1880 (
_eMadrid :
_fImprenta de Alvarez Hermanos...)
300 _a126 p., [1] h. de map. pleg. ;
_c22 cm.
597 _aAntep.
599 _aLa h. de map. pleg. es litogr.
650 4 _aFerrocarriles-
_zAldudes (Valle)
_9170600
852 _aES-MaACL
_jT-421-F-4
_z-- Enc. hol.
_q-- Sólo hasta la p. 104
_q-- Falto de la cub. original
_z-- Enc. en un vol. facticio
_z-- Enc. 2 h. de map. pleg. rep.
999 _c160908
_d160908